000 00692nam a22002417a 4500
001 BR0002013
003 BR-BrBNA
005 20230928100537.0
007 ta
008 230509b bl.||||| |||| 00| 0 por d
040 _aBR-BrBNA
_bpor
_cBiblioteca Nacional de Agricultura
041 _a(Por)
072 _aE14; P01
090 _ E14 BR0002013
110 1 _aMinisterio da Educacao e do Desporto, Brasilia, DF (Brasil)
_97021
245 1 _aPRONEA: Programa Nacional de Educacao Ambiental
260 3 _aBrasilia, DF (Brasil):
_c1997.
300 _a19 p.
650 _aEducacao Ambiental
650 _aProjeto de Desenvolvimento
909 _a202309
_bLucia
_c55
_dLucia Elande
942 _cBK
999 _c61746
_d61746